| 000 | 00541cam a2200193ua 4500 | ||
|---|---|---|---|
| 001 | 133 | ||
| 008 | 110321n ii |||gr||||Z||||||eng | ||
| 020 | _a81-7317-564-0 | ||
| 040 | _cMAIN | ||
| 082 | _a005.4 | ||
| 245 |
_aMS word 2007. : _bAn easy and quick way to learn ms word 2007. / _cBy Vishnu Priya Singh. |
||
| 250 | _a1st. | ||
| 260 |
_aNew Delhi.: _bComputech publication ltd., _c2007. |
||
| 300 |
_a160 p.: _bill.; _c24 cm. |
||
| 653 | _aComputer Science. | ||
| 653 | _aMs word 2007 | ||
| 700 | 1 | _aSingh, Vishnu Priya., | |
| 942 | _cBK | ||
| 999 |
_c121 _d121 |
||